Inventions : Inventors & ingenious ideas
| Main Author: | |
|---|---|
| Format: | Book |
| Published: |
New York :
Franklin Watts ,
1992
|
| Series: | Timelines
|
| Subjects: |
MARC
| LEADER | 00000cam a2200000 7i4500 | ||
|---|---|---|---|
| 001 | 0000005643 | ||
| 002 | 000006101 | ||
| 005 | 20000330.0 | ||
| 020 | |a 0749606630 | ||
| 090 | 0 | 0 | |a JR 608 |b TIM |
| 100 | 1 | |a Turvey, Peter | |
| 245 | 1 | 0 | |a Inventions : |b Inventors & ingenious ideas |c Peter Turvey |
| 260 | |a New York : |b Franklin Watts , |c 1992 | ||
| 300 | |a 48p ; |c 29 cm. | ||
| 490 | 0 | |a Timelines | |
| 650 | 0 | 0 | |a Inventions |x Juvenile literature |
| 999 | |a 026807 |b BUKU |c RUJUKAN |e PERPUSTAKAAN KOMUNITI PETALING JAYA | ||